100 Personnages Harry Potter - Statistiques

Statistiques générales
  • Ce quiz a été pris 115 fois
  • Le résultat moyen est 41 sur 100
Statistiques - réponses
Hint Réponse % Correct
1 Harry Potter
98%
3 Hermione Granger
88%
2 Ron Weasley
87%
26 Fred Weasley
77%
5 Albus Dumbledore
74%
23 Ginny Weasley
74%
7 Severus Rogue
74%
10 Drago Malefoy
73%
22 George Weasley
73%
24 Molly Weasley
71%
8 Lord Voldemort
70%
41 Percy Weasley
70%
4 Rubeus Hagrid
70%
21 Bill Weasley
68%
35 Lucius Malefoy
68%
13 Sirius Black
68%
28 James Potter
67%
6 Minerva Mcgonagall
66%
27 Lily Potter
65%
40 Charlie Weasley
63%
15 Bellatrix Lestrange
60%
9 Luna lovegood
60%
81 Abelforth Dumbledore
59%
12 Neville londubat
59%
30 Remus Lupin
59%
38 Fleur Delacour
56%
14 Dobby
55%
31 Dolores Ombrage
54%
11 Cedric Diggory
52%
84 Gregory Goyle
51%
32 Peter Pettigrow
50%
36 Victor Krum
50%
93 Hedwige
49%
16 Cho Chang
48%
49 Pomona Chourave
46%
85 Vincent Crabbe
46%
36 Narcisse Malefoy
45%
19 Petunia Dursley
44%
33 Alastor Maugrey
43%
42 Dean Thomas
43%
17 Dudley Dursley
43%
29 Nymphadora Tonks
43%
18 Vernon Dursley
43%
46 Xenophilius Lovegood
43%
43 Seamus Finnigan
40%
68 Sibylle Trelawney
40%
89 Amos Diggory
38%
62 Phineas Black
38%
73 Quirinus Quirell
38%
52 Salazar Serpentard
38%
69 Argus Rusard
37%
80 Cornelius Fudge
37%
96 Gilderoy Lockhart
37%
51 Godric Gryffondor
37%
44 Nick Quasi Sans Tête
37%
53 Rowena Serdaigle
37%
48 Poppy Pomfresh
35%
92 Buck
34%
47 Horace Slughorn
34%
39 Igor Karkaroff
34%
94 Nagini
34%
57 Parvati Patil
34%
50 Lavande Brown
33%
91 Pattenrond
33%
77 Bartemius Croupton
32%
78 Bartemius Croupton Jr
32%
54 Helga poufsouffle
32%
58 Padma Patil
32%
88 Pansy Parkinson
32%
90 La Grosse Dame
30%
34 Mimi Geignarde
30%
83 Olivier Dubois
29%
82 Colin Crivey
27%
67 Firenze
26%
100 Aragog
24%
95 Garrick Ollivander
24%
45 | 97 Le Baron Sanglant
24%
86 Alecto Carrow
20%
87 Amycus Carrow
20%
56 Elvis Gaunt
20%
20 Mondingus Fletcher
20%
66 Graup
18%
76 | 99 Rufus Scrimgeour
18%
75 Fenrir Greyback
17%
70 Gellert Grindelwald
17%
63 Cuthbert Binns
16%
74 Antonin Dolohov
15%
61 Arabella Figg
15%
71 Bathilda Tourdesac
15%
79 Kingsley Shacklebolt
15%
59 Lee Jordan
13%
55 Ignotus Peverell
12%
65 Stanley Rocade
12%
60 Cormac McLaggen
10%
72 Rita Sketer
9%
64 Elphias Doge
7%
25 Arthur Wasley
1%
98 Sanguini
1%
Aucun quiz correspondant
Distribution des résultats
% des personnes avec chaque résultat
Percentile par nombre de réponses
Votre historique - résultats
Vous n’avez pas pris ce quiz